000 00376nam a22001697a 4500
005 20160624125235.0
008 160624b xxu||||| |||| 00| 0 eng d
020 _a0-7494-4403-7
041 _aeng
082 _b9818
100 _aTungate, Mark
_92669
245 _aMedia Monoliths
260 _bKogan
300 _a249
650 _aMass Communication
_92660
942 _cBK
999 _c3844
_d3843